Hematología. (Registro nro. 530)
[ vista simple ]
| 000 -LEADER | |
|---|---|
| fixed length control field | 01252cam a2200301 a 4500 |
| 005 - FECHA ULTIMA MODIFICACION | |
| control field | 20240219130529.0 |
| 008 - CAMPO DE CONTROL (LIBRO) | |
| fixed length control field | 100804s2004||||ag a | |||| 00| 0 spa d |
| 020 ## - INTERNATIONAL STANDARD BOOK NUMBER | |
| ISBN | 9789500618761 |
| 041 ## - CODIGO DE IDIOMA | |
| Código de idioma del texto/pista de sonido o título separado | spa |
| 092 ## - SIGNATURA TOPOGRAFICA DEWEY LOCAL | |
| número de clasificación | 616.15 |
| libristica | 75 |
| sección | ROD |
| 100 1# - ENTRADA PRINCIPAL--NOMBRE PERSONAL | |
| Nombre personal | Rodak, Bernadette F. |
| 9 (RLIN) | 993 |
| 245 ## - TITULO PROPIAMENTE DICHO | |
| Título | Hematología. |
| Subtítulo y Título paralelo | Fundamentos y aplicaciones clínicas / |
| Mención de responsabilidad y remanente de la transcripción de la portada | Bernadette F. Rodak. |
| 250 ## - MENCION DE EDICION | |
| Mención de edición | 2a ed. |
| Mención de responsabilidad relacionada con la ed. | Traducción Octavio Giovaniello; Judith Oxemberg; Silvia Rondinone y Jorgelina Taveira. |
| 260 ## - PIE DE IMPRENTA | |
| Lugar de publicación, distribución, etc | Buenos Aires: |
| Nombre de la editorial, distribuidor, etc | Editorial Médica Panamericana; |
| Fecha de publicación | 2004. |
| 300 ## - DESCRIPCION FISICA | |
| Extension | 838 p. |
| Otros detalles físicos | il. |
| 500 ## - NOTA GENERAL | |
| Nota general | Rodak, B. F. (2004). Hematología. Fundamentos y aplicaciones clínicas. (2a ed.). Buenos Aires : Editorial Médica Panamericana. |
| 653 ## - TÉRMINO INDIZADO - PALABRAS CLAVES | |
| Palabra clave | Introducción a la hematología |
| 653 ## - TÉRMINO INDIZADO - PALABRAS CLAVES | |
| Palabra clave | Hematopoyesis |
| 653 ## - TÉRMINO INDIZADO - PALABRAS CLAVES | |
| Palabra clave | Evaluación de las células sanguíneas mediante el laboratorio de rutina |
| 653 ## - TÉRMINO INDIZADO - PALABRAS CLAVES | |
| Palabra clave | Hematopatología: trastornos de los eritrocitos |
| 653 ## - TÉRMINO INDIZADO - PALABRAS CLAVES | |
| Palabra clave | Alteraciones no malignas de los leucocitos |
| 653 ## - TÉRMINO INDIZADO - PALABRAS CLAVES | |
| Palabra clave | Hematopatología: trastornos malignos de los leucocitos |
| 653 ## - TÉRMINO INDIZADO - PALABRAS CLAVES | |
| Palabra clave | Equipamiento en hematologia |
| 653 ## - TÉRMINO INDIZADO - PALABRAS CLAVES | |
| Palabra clave | Análisis de los líquidos corporales |
| 653 ## - TÉRMINO INDIZADO - PALABRAS CLAVES | |
| Palabra clave | Hemostasia y trombosis |
| 930 ## - NUMERO DE INVENTARIO | |
| Número de inventario | 1187 |
| 942 ## - ADDED ENTRY ELEMENTS (KOHA) | |
| Source of classification or shelving scheme | Dewey Decimal Classification |
| Item type | Libros |
| Estado de retiro | Existencia | Fuente de clasificación | Estado general | No para prestamo | Colección | Ubicación permanente | ubicación actual | Sala de ubicación | Fecha de adquisición | Total Checkouts | Número de clasificación | Código de barras | Date last seen | Date last borrowed | Número de ejemplar | Price effective from | Koha tipo de elemento (item) | Public note |
|---|---|---|---|---|---|---|---|---|---|---|---|---|---|---|---|---|---|---|
| Dewey Decimal Classification | Reference | Biblioteca Medicina | Biblioteca Medicina | Referencia | 13/05/2011 | 2 | 616.15 75 ROD | 1187 | 06/11/2014 | 11/11/2011 | ej.1 | 13/05/2011 | Reference | LIBRO DE CONSULTA |